Заметіль (Запис № 376354)

МАРК-запис
000 -Лідер
fixed length control field 00798nam a22002537a 4500
001 - Контрольний номер
control field 90142
003 - Ідентифікатор контрольного номера
control field UA-OsUOA
005 - Дата та час останнього входження (трансакції)
control field 20260421101318.0
007 - Фіксоване поле фізичного опису
fixed length control field ta
008 - Елементи даних фіксованої довжини – загальна інформація
fixed length control field 20121114b un ||||| |||| 00| 0 ukr d
020 ## - Міжнародний стандартний книжковий номер (ISBN)
Міжнародний стандартний книжковий номер (ISBN) (НП) 5774504018
040 ## - Джерело каталогізації
Агенція оригінальної каталогізації UA-OsUOA
Мова каталогізації ukr
Агенція, яка здійснювала перезапис UA-OsUOA
Агенція, яка здійснювала модифікацію UA-OsUOA
041 ## - Код мови
Код мови тексту/ звукової доріжки чи окремого заголовка (П) ukr
080 ## - Індекс Універсальної десяткової класифікації
Індекс Універсальної десяткової класифікації (УДК) (НП) 821.161.2
090 ## - Локальний шифр розміщення
Класифікаційний індекс УДК 821.161.2
Авторський знак (НП) К92
100 ## - Основне введення – ім’я особи
Ім’я особи (НП) Купчинський Р.
9 (RLIN) 24898
245 ## - Відомості про назву
Назва (НП) Заметіль
Номер частини/ розділу роботи (П) кн. 1
Дані про відповідальність (НП) Роман Купчинський
Назва частини/ розділу роботи Повість зі стрілецького життя
260 ## - Публікація, розповсюдження і т.п. (Вихідні дані)
Місце публікації, розповсюдження і т.п. (П) Львів
Ім’я/ наймення видавництва, розповсюджувача і т.п. (П) Каменяр
Дата публікації, розповсюдження і т.п. (П) 1991
300 ## - Фізичний опис
Обсяг 175 с.
650 #7 - Додаткове предметне введення – тематичний термін
Тематичний термін чи географічна назва, як елемент введення (НП) 821.161.2 Українська література
Джерело заголовка чи терміна UDC
9 (RLIN) 41
942 ## - Додаткові елементи входу (Коха)
Тип елемента Koha Книги
Source of classification or shelving scheme Universal Decimal Classification
955 ## - Код типу видання за змістом
Код типу видання за змістом (НП) Літературно-художні видання
Фонди
Стан вилучень Стан втрат Джерело класифікації або схеми стелажів Стан уражень Не для кредиту Постійне місце розташування Поточне розміщення Дата придбання Джерело придбання Вартість, звичайна ціна покупки Інвентарний номер Усього замовленно Повний номер виклику Штрих-код Дата останнього перегляду Ціна ефективна від Тип елемента Koha Дата останньої перевірки Код колекції Вартість, ціна заміни
    Universal Decimal Classification     АБ - Абонемент НБ АБ - Абонемент НБ 09/04/2013 20/2013 5.00 142104   821.161.2 К92 142104 29/03/2022 14/11/2012 Книги      
    Universal Decimal Classification     АБ - Абонемент НБ АБ - Абонемент НБ 14/11/2012     36419   821.161.2 К92 36419 29/03/2022 14/11/2012 Книги      
    Universal Decimal Classification     АБ - Абонемент НБ АБ - Абонемент НБ 14/11/2012     9767 1 821.161.2 К92 9767 29/03/2022 14/11/2012 Книги 18/09/2019    
    Universal Decimal Classification     АБ - Абонемент НБ АБ - Абонемент НБ 07/04/2026 №17/31.03.2026 25.00     821.161.2 К92 169773 07/04/2026 07/04/2026 Книги   Колекція Шевчука Валерія 25.00